History of Indian Cricket/ (Record no. 216825)

MARC details
000 -LEADER
fixed length control field 00593nam a22001937a 4500
005 - DATE AND TIME OF LATEST TRANSACTION
control field 20260702110553.0
010 ## - LCCN (DPL NO)
LC control number ENG-148965
020 ## - INTERNATIONAL STANDARD BOOK NUMBER
Terms of availability 995.00
International Standard Book Number 9788195742844
035 ## - SYSTEM CONTROL NUMBER
System control number EN-132497
037 ## - SOURCE OF ACQUISITION
Source of stock number/acquisition DBAD
082 ## - DEWEY DECIMAL CLASSIFICATION NUMBER
Classification number 954
Edition number 1
245 ## - TITLE STATEMENT
Title History of Indian Cricket/
Statement of responsibility, etc Edited By Sangeeta Mohan
250 ## - EDITION STATEMENT
Edition statement 1
260 ## - PUBLICATION, DISTRIBUTION, ETC. (IMPRINT)
Place of publication, distribution, etc Uttar Pradesh
Name of publisher, distributor, etc Kanhya Publishers
Date of publication, distribution, etc 2022
270 ## - ADDRESS
City Uttar Pradesh
Address Ground Floor 260, Shaktikhand III, Indirapuram, Ghaziabad
Postal code 201010
300 ## - PHYSICAL DESCRIPTION
Extent 304p.
Dimensions 22cm(pb)
700 ## - ADDED ENTRY--PERSONAL NAME
Personal name Sangeeta Mohan
Relator term Editor
9 (RLIN) 89490
942 ## - ADDED ENTRY ELEMENTS (KOHA)
Source of classification or shelving scheme Dewey Decimal Classification
Item type English Books
Classification part 954
Call number suffix HIS
Holdings
Withdrawn status Lost status Not for loan Collection code Home library Current library Date acquired Source of acquisition Cost, normal purchase price Full call number Barcode Copy number Cost, replacement price Koha item type
    Not For Loan Non-fiction D.B.Act.Division D.B.Act.Division 02/07/2026 Delivery of Books Act Division 995.00 954 HIS EN-132497 1 995.00 English Books

© Delhi Public Library
Hit Counter
free hit counter